Statistics for Map of Countries With a Space Agency

Click here to take the quiz!

General Stats

  • This quiz has been taken 192 times
  • The average score is 54 of 66

Answers on the Map

Answers color-coded by a green-red scale on the quiz's map according to % correct below.
 

Answer Stats

Country% Correct
Russia
99%
United States
99%
Canada
96%
Brazil
95%
China
95%
Mexico
95%
France
93%
India
93%
Spain
93%
United Kingdom
93%
Germany
92%
Italy
92%
Japan
92%
Argentina
91%
Australia
91%
Egypt
90%
Norway
90%
Poland
90%
Sweden
90%
Greece
89%
Indonesia
89%
Iran
89%
South Africa
89%
Ukraine
89%
Portugal
88%
South Korea
88%
Turkey
88%
Pakistan
87%
Peru
87%
Saudi Arabia
87%
Colombia
86%
Algeria
84%
Bolivia
84%
New Zealand
84%
North Korea
84%
Austria
83%
Kazakhstan
83%
Thailand
83%
Morocco
82%
Netherlands
82%
Switzerland
82%
Belgium
80%
Israel
80%
Romania
80%
Venezuela
80%
Vietnam
80%
Czech Republic
79%
Hungary
79%
Nigeria
79%
Belarus
78%
Paraguay
78%
Bulgaria
77%
Mongolia
77%
Uruguay
77%
United Arab Emirates
76%
Malaysia
75%
Bangladesh
66%
Lithuania
65%
Taiwan
65%
Tunisia
64%
Uzbekistan
64%
Azerbaijan
63%
Singapore
60%
Turkmenistan
60%
Costa Rica
52%
Bahrain
49%

Score Distribution

Percentile by Number Answered

Percent of People with Each Score

Your Score History

You have not taken this quiz